00344pab a2200121 454500008004000000100002600040245006200066260000900128300001400137650002700151650001800178773002600196180718b2005 xxu||||| |||| 00| 0 eng d aSilva, Tony Simoes Da aNarrating a white Africa: autobiography, race and history c2005 ap.471-78. aEthnic groups - Africa aEthnic groups aThird World Quarterly